000 00513nam a2200193Ia 4500
005 20230428141048.0
008 131103s9999 xx 000 0 und d
020 _a500150125
040 _aLoreto College
041 _aEnglish
082 _a823.8
_bDIC-HOB
100 _aHobsbaum,Philip
245 2 _aA reader's guide to Charles Dickens
_cPhilip Hobsbaum
260 _aLondon
_bThames
_c1977
300 _a318 p.
504 _aIncludes bibliographical references and index
850 _aLCLIB
942 _cBK
999 _c5324
_d55803